Statistics for Railway station names

Click here to take the quiz!

General Stats

  • This quiz has been taken 13 times
  • The average score is 9 of 16

Answer Stats

HintAnswer% Correct
AtochaMadrid
92%
Grand CentralNew York
92%
WaverleyEdinburgh
83%
LeningradskyMoscow
83%
RamsesCairo
75%
Chhatrapati ShivajiMumbai
75%
MontparnasseParis
75%
Flinders StreetMelbourne
58%
Francisco GoitiaMexico City
42%
Santa LuciaVenice
42%
Santa JustaSeville
33%
ParagonHull
25%
KotaJakarta
25%
Great Victoria StreetBelfast
17%
NyugatiBudapest
17%
Maria ZambranoMalaga
17%

Score Distribution

Percentile by Number Answered

Percent of People with Each Score

Your Score History

You have not taken this quiz